| 000 | 00597nam a2200229Ia 4500 | ||
|---|---|---|---|
| 003 | 0100 | ||
| 008 | 130227s9999 xx 000 0 und d | ||
| 040 | _cARRUPELIB | ||
| 050 | _aLB475.L6 | ||
| 100 | _aLocke, John | ||
| 245 | _aSome thoughts concerning education | ||
| 260 | _aCambridge | ||
| 260 | _bCambridge University Press | ||
| 260 | _C1892 | ||
| 300 | _alxiv | ||
| 300 | _b 240p 16cm | ||
| 440 | _aPitt press series | ||
| 650 | _bCatholic church in literature | ||
| 650 | _cEnglish fiction- 19th century- History and criticism | ||
| 700 | _aQuick, R. H. (ed) | ||
| 942 |
_2lcc _07 |
||
| 999 |
_c654 _d654 |
||